[Event "FRM-chT (Women)"]
[Site "Ohrid"]
[Date "2023.09.01"]
[Round "7.2"]
[White "Voiska, Margarita"]
[Black "Popovic, Mateja"]
[Result "1-0"]
[WhiteElo "2147"]
[BlackElo "1833"]
[PlyCount "105"]
[EventDate "2023.08.26"]
[EventType "team-tourn"]
[EventRounds "7"]
[EventCountry "MKD"]
[SourceTitle "EXT 2024"]
[Source "ChessBase"]
[SourceDate "2023.10.10"]
[SourceVersion "1"]
[SourceVersionDate "2023.10.10"]
[SourceQuality "1"]

1. d4 d5 2. c4 e6 3. Nc3 Nf6 4. cxd5 exd5 5. Bg5 Be7 6. e3 c6 7. Bd3 0-0 8. Qc2 h6 9. Bh4 Ne8 10. Bxe7 Qxe7 11. Nf3 Nd7 12. 0-0 Nd6 13. Rae1 Nf6 14. Ne5 Re8 15. f4 Bd7 16. h3 Nfe4 17. Nxe4 dxe4 18. Be2 Be6 19. Kh2 f6 20. Nc4 Bd5 21. a3 g6 22. Nxd6 Qxd6 23. Rc1 b5 24. Qc3 Re7 25. Bd1 Rc7 26. Rf2 Rac8 27. b4 Kf8 28. Bb3 Ke7 29. Rfc2 Kd7 30. Qb2 h5 31. Kg1 a6 32. Rc5 Qe6 33. R1c3 Qd6 34. Qa2 Bxb3 35. Qxb3 Qe6 36. Qc2 f5 37. Re5 Qd6 38. Rcc5 Re8 39. Qb3 Re6 40. d5 Rxe5 41. fxe5 Qf8 42. dxc6+ Ke7 43. Qc3 Qf7 44. Qc2 Qe6 45. a4 g5 46. axb5 axb5 47. Rxb5 Rxc6 48. Rc5 Ra6 49. Rc7+ Kd8 50. Qc5 Ra1+ 51. Kh2 g4 52. Rg7 Ke8 53. Qc7 1-0

[Event "FRM-chT (Women)"]
[Site "Ohrid"]
[Date "2023.08.27"]
[Round "2.2"]
[White "Voiska, Margarita"]
[Black "Karaivanova, Petya F"]
[Result "1-0"]
[WhiteElo "2147"]
[BlackElo "2043"]
[PlyCount "67"]
[EventDate "2023.08.26"]
[EventType "team-tourn"]
[EventRounds "7"]
[EventCountry "MKD"]
[SourceTitle "EXT 2024"]
[Source "ChessBase"]
[SourceDate "2023.10.10"]
[SourceVersion "1"]
[SourceVersionDate "2023.10.10"]
[SourceQuality "1"]

1. c4 e6 2. Nf3 Nf6 3. g3 d5 4. Bg2 c6 5. b3 Bd6 6. d4 Nbd7 7. 0-0 b6 8. Nc3 0-0 9. Qd3 Qc7 10. Bb2 Bb7 11. Rac1 Qb8 12. e4 dxe4 13. Nxe4 Nxe4 14. Qxe4 a5 15. c5 Be7 16. cxb6 Nf6 17. Qc2 Nd5 18. Ne5 Nb4 19. Qb1 Ba6 20. Rfe1 Qxb6 21. Nd7 Qa7 22. Nxf8 Bd3 23. Qa1 Rxf8 24. Be4 Bxe4 25. Rxe4 f5 26. Rxe6 Bf6 27. a3 Nd3 28. Rd1 Nxb2 29. Qxb2 Qd7 30. Qe2 Rb8 31. Qc4 Kh8 32. Qxc6 Qf7 33. Rde1 h6 34. Re8+ 1-0

[Event "SRB-chT (Women)"]
[Site "Custica"]
[Date "2022.10.25"]
[Round "4.4"]
[White "Voiska, Margarita"]
[Black "Mkrtchian, Lilit"]
[Result "0-1"]
[WhiteElo "2187"]
[BlackElo "2380"]
[PlyCount "82"]
[EventDate "2022.10.22"]
[EventType "team-tourn"]
[EventRounds "11"]
[EventCountry "SRB"]
[SourceTitle "EXT 2024"]
[Source "ChessBase"]
[SourceDate "2023.10.10"]
[SourceVersion "1"]
[SourceVersionDate "2023.10.10"]
[SourceQuality "1"]
[WhiteTeam "Nova Varos Zlatar (W)"]
[BlackTeam "Belgrade Crvena Zvezda (W)"]
[WhiteTeamCountry "SRB"]
[BlackTeamCountry "SRB"]

1. Nf3 d5 2. g3 Nc6 3. Bg2 e5 4. 0-0 e4 5. Ne1 f5 6. d3 Be6 7. c4 dxc4 8. Nc3 Nf6 9. Bg5 cxd3 10. exd3 Be7 11. Qa4 Qd4 12. dxe4 Qxa4 13. Nxa4 Nxe4 14. Bxe7 Nxe7 15. f3 Nf6 16. Rf2 Kf7 17. Nd3 Ng6 18. Nac5 Bd5 19. Rc1 b6 20. Na6 c5 21. Nc7 Rad8 22. Nxd5 Rxd5 23. Bf1 Rhd8 24. Rc3 Rd4 25. Ne1 Rd1 26. Nc2 Nd5 27. Rd3 Rxd3 28. Bxd3 Kf6 29. Be2 f4 30. Rf1 Nde7 31. Kf2 Rd2 32. Rc1 Nf5 33. Ke1 Rd8 34. g4 Ne3 35. Nxe3 fxe3 36. Rc3 Nf4 37. Bf1 Re8 38. Bb5 Re7 39. Rc2 g5 40. Be2 Rd7 41. a3 Rd4 0-1

[Event "SRB-chT (Women) Div1"]
[Site "Vrnjacka Banja"]
[Date "2021.09.14"]
[Round "9.1"]
[White "Voiska, Margarita"]
[Black "Cvitan, Ena"]
[Result "1/2-1/2"]
[WhiteElo "2194"]
[BlackElo "2284"]
[PlyCount "21"]
[EventDate "2021.09.07"]
[EventType "tourn"]
[EventRounds "11"]
[EventCountry "SRB"]
[SourceTitle "CBM 204 Extra"]
[Source "ChessBase"]
[SourceDate "2021.11.30"]
[SourceVersion "1"]
[SourceVersionDate "2021.11.30"]
[SourceQuality "1"]
[WhiteTeam "Novi Varos Zlatar (W)"]
[BlackTeam "Goracici Jelica (W)"]
[WhiteTeamCountry "SRB"]
[BlackTeamCountry "SRB"]

1. d4 d5 2. c4 e6 3. Nc3 Nf6 4. cxd5 exd5 5. Bg5 c6 6. e3 Be7 7. Bd3 Nbd7 8. Nge2 0-0 9. 0-0 h6 10. Bh4 Nh5 11. Bxe7 1/2-1/2

[Event "SRB-chT (Women) Div1"]
[Site "Vrnjacka Banja"]
[Date "2021.09.12"]
[Round "7.1"]
[White "Voiska, Margarita"]
[Black "Obolentseva, Alexandra"]
[Result "1-0"]
[WhiteElo "2194"]
[BlackElo "2302"]
[PlyCount "59"]
[EventDate "2021.09.07"]
[EventType "tourn"]
[EventRounds "11"]
[EventCountry "SRB"]
[SourceTitle "CBM 204 Extra"]
[Source "ChessBase"]
[SourceDate "2021.11.30"]
[SourceVersion "1"]
[SourceVersionDate "2021.11.30"]
[SourceQuality "1"]
[WhiteTeam "Novi Varos Zlatar (W)"]
[BlackTeam "Novi Sad Sah Kruzok (W)"]
[WhiteTeamCountry "SRB"]
[BlackTeamCountry "SRB"]

1. d4 Nf6 2. Nf3 d6 3. g3 g6 4. Bg2 Bg7 5. 0-0 0-0 6. Re1 c5 7. dxc5 dxc5 8. Qxd8 Rxd8 9. c3 Nc6 10. Be3 Nd7 11. Nfd2 Nce5 12. h3 e6 13. Na3 Nb6 14. Red1 Na4 15. Ndc4 Bd7 16. Bg5 Nxc4 17. Bxd8 Nxa3 18. Rxd7 Nxb2 19. Bxb7 Rb8 20. Be7 Na4 21. Rad1 h5 22. Rd8+ Rxd8 23. Rxd8+ Kh7 24. Bc6 Nxc3 25. Bxc5 Nc4 26. Bxa7 Nxa2 27. Be8 Bf6 28. Rd7 Ne5 29. Rb7 Kg7 30. f4 1-0

[Event "SRB-chT (Women) Div1"]
[Site "Vrnjacka Banja"]
[Date "2021.09.11"]
[Round "6.1"]
[White "Ushenina, Anna"]
[Black "Voiska, Margarita"]
[Result "1/2-1/2"]
[WhiteElo "2428"]
[BlackElo "2194"]
[PlyCount "195"]
[EventDate "2021.09.07"]
[EventType "tourn"]
[EventRounds "11"]
[EventCountry "SRB"]
[SourceTitle "CBM 204 Extra"]
[Source "ChessBase"]
[SourceDate "2021.11.30"]
[SourceVersion "1"]
[SourceVersionDate "2021.11.30"]
[SourceQuality "1"]
[WhiteTeam "Nis Osnovac (W)"]
[BlackTeam "Novi Varos Zlatar (W)"]
[WhiteTeamCountry "SRB"]
[BlackTeamCountry "SRB"]

1. d4 d5 2. c4 c6 3. Nf3 e6 4. g3 f5 5. Bg2 Nf6 6. 0-0 Bd6 7. b3 Qe7 8. Bb2 b6 9. Qc1 Bb7 10. Ba3 Nbd7 11. Bxd6 Qxd6 12. Nbd2 0-0 13. Qb2 Ne4 14. Rac1 a5 15. a4 Rac8 16. Rfd1 Qb8 17. Ne1 c5 18. cxd5 Bxd5 19. Nxe4 fxe4 20. Nc2 cxd4 21. Nxd4 Nc5 22. b4 axb4 23. Qxb4 Qa7 24. Ra1 Ra8 25. Nb5 Qa5 26. Qxa5 Rxa5 27. Nc3 Rfa8 28. Rab1 Nxa4 29. Nxa4 Rxa4 30. Rxb6 Ra1 31. Rdb1 Kf7 32. e3 Kf6 33. h4 Rxb1+ 34. Rxb1 h6 35. Rb4 Ra1+ 36. Kh2 Ra2 37. Kg1 Ra1+ 38. Bf1 g5 39. hxg5+ Kxg5 40. Kg2 h5 41. Rb8 Ra8 42. Rb4 h4 43. gxh4+ Kxh4 44. Bd3 Rg8+ 45. Kf1 Rg4 46. Be2 Rg5 47. f3 Kg3 48. fxe4 Bc6 49. Ke1 Re5 50. Rb8 Bxe4 51. Rg8+ Kh4 52. Rg4+ Kh3 53. Rf4 Kg3 54. Rg4+ Kh3 55. Kd2 Bf5 56. Rg5 Kh4 57. Rh5+ Kg3 58. Bc4 Kf3 59. Bxe6 Rxe6 60. Rxf5+ Ke4 61. Rf4+ Ke5 62. Rf8 Ra6 63. Ke2 Rh6 64. Re8+ Kd5 65. Ra8 Rh4 66. Ra5+ Ke6 67. Kd3 Rg4 68. Ra8 Rh4 69. Re8+ Kd6 70. Ke2 Ra4 71. Kf3 Rb4 72. Rh8 Ke5 73. Rh5+ Ke6 74. Ra5 Kf6 75. e4 Rb1 76. Ra6+ Ke5 77. Ra5+ Kf6 78. Rc5 Ke6 79. Rc8 Rf1+ 80. Ke2 Ra1 81. Ke3 Re1+ 82. Kf3 Rf1+ 83. Ke2 Ra1 84. Re8+ Kd7 85. Re5 Ra3 86. Rd5+ Ke6 87. Rd3 Rxd3 88. Kxd3 Ke5 89. Ke3 Ke6 90. Kd4 Kd6 91. e5+ Ke6 92. Ke4 Ke7 93. Kf5 Kf7 94. e6+ Ke7 95. Ke5 Ke8 96. Kd6 Kd8 97. e7+ Ke8 98. Ke6 1/2-1/2

[Event "SRB-chT (Women) Div1"]
[Site "Vrnjacka Banja"]
[Date "2021.09.11"]
[Round "5.1"]
[White "Voiska, Margarita"]
[Black "Bivol, Alina"]
[Result "1/2-1/2"]
[WhiteElo "2194"]
[BlackElo "2385"]
[PlyCount "92"]
[EventDate "2021.09.07"]
[EventType "tourn"]
[EventRounds "11"]
[EventCountry "SRB"]
[SourceTitle "CBM 204 Extra"]
[Source "ChessBase"]
[SourceDate "2021.11.30"]
[SourceVersion "1"]
[SourceVersionDate "2021.11.30"]
[SourceQuality "1"]
[WhiteTeam "Novi Varos Zlatar (W)"]
[BlackTeam "Belgrade Rad (W)"]
[WhiteTeamCountry "SRB"]
[BlackTeamCountry "SRB"]

1. d4 d5 2. Nf3 e6 3. e3 c5 4. c3 Nf6 5. Bd3 Be7 6. Nbd2 0-0 7. 0-0 b6 8. Ne5 Bb7 9. f4 Ne4 10. Nxe4 dxe4 11. Be2 f6 12. Ng4 Bd5 13. b3 Nd7 14. c4 Bb7 15. Bb2 Qc7 16. Qc2 a5 17. d5 exd5 18. cxd5 Bd6 19. Qxe4 Rae8 20. Qf3 Re7 21. Bd3 f5 22. Nf2 h6 23. Rad1 a4 24. Qh3 axb3 25. Bxf5 Rxf5 26. Qxf5 Nf8 27. Ng4 Bc8 28. Nxh6+ gxh6 29. Qf6 Rxe3 30. axb3 Qe7 31. Qh8+ Kf7 32. Qxh6 Bf5 33. Be5 Ng6 34. Bxd6 Qxd6 35. g4 Be4 36. f5 Rg3+ 37. Kf2 Rxg4 38. fxg6+ Bxg6 39. Qh3 Bf5 40. Qh5+ Kg7 41. Qxf5 Rf4+ 42. Qxf4 Qxf4+ 43. Kg1 Qg4+ 44. Kh1 Qe4+ 45. Kg1 Qg4+ 46. Kh1 Qe4+ 1/2-1/2

[Event "FRM-chT (Women)"]
[Site "Ohrid"]
[Date "2021.08.29"]
[Round "5.2"]
[White "Voiska, Margarita"]
[Black "Djukic, Sandra"]
[Result "1/2-1/2"]
[WhiteElo "2194"]
[BlackElo "2127"]
[PlyCount "36"]
[EventDate "2021.08.25"]
[EventType "team-tourn"]
[EventRounds "7"]
[EventCountry "MKD"]
[SourceTitle "CBM 204 Extra"]
[Source "ChessBase"]
[SourceDate "2021.11.30"]
[SourceVersion "1"]
[SourceVersionDate "2021.11.30"]
[SourceQuality "1"]
[WhiteTeam "Negotino (W)"]
[BlackTeam "Kumanovo (W)"]
[WhiteTeamCountry "MKD"]
[BlackTeamCountry "MKD"]

1. d4 Nf6 2. Nf3 e6 3. e3 b6 4. Bd3 Bb7 5. Nbd2 d5 6. Ne5 Bd6 7. f4 0-0 8. 0-0 c5 9. c3 Nc6 10. Qf3 Ne7 11. g4 Ng6 12. g5 Bxe5 13. fxe5 Ne4 14. Nxe4 dxe4 15. Bxe4 Qxg5+ 16. Qg2 Qxg2+ 17. Bxg2 Bxg2 18. Kxg2 Rfd8 1/2-1/2

[Event "FRM-chT (Women)"]
[Site "Ohrid"]
[Date "2021.08.27"]
[Round "3.2"]
[White "Voiska, Margarita"]
[Black "Blagojevic, Tijana"]
[Result "1/2-1/2"]
[WhiteElo "2194"]
[BlackElo "2253"]
[PlyCount "32"]
[EventDate "2021.08.25"]
[EventType "team-tourn"]
[EventRounds "7"]
[EventCountry "MKD"]
[SourceTitle "CBM 204 Extra"]
[Source "ChessBase"]
[SourceDate "2021.11.30"]
[SourceVersion "1"]
[SourceVersionDate "2021.11.30"]
[SourceQuality "1"]
[WhiteTeam "Negotino (W)"]
[BlackTeam "Kisela Voda (W)"]
[WhiteTeamCountry "MKD"]
[BlackTeamCountry "MKD"]

1. d4 d5 2. Nf3 Nf6 3. e3 c6 4. Bd3 Bg4 5. Nbd2 Nbd7 6. c4 e6 7. Qc2 Bd6 8. b3 0-0 9. Bb2 Re8 10. Ne5 Bh5 11. 0-0 Rc8 12. c5 Bb8 13. h3 Qe7 14. f4 Nf8 15. b4 N6d7 16. g4 Nxe5 1/2-1/2

[Event "FRM-chT (Women)"]
[Site "Ohrid"]
[Date "2021.08.25"]
[Round "1.2"]
[White "Voiska, Margarita"]
[Black "Benderac, Ana"]
[Result "1/2-1/2"]
[WhiteElo "2194"]
[BlackElo "2156"]
[PlyCount "46"]
[EventDate "2021.08.25"]
[EventType "team-tourn"]
[EventRounds "7"]
[EventCountry "MKD"]
[SourceTitle "CBM 204 Extra"]
[Source "ChessBase"]
[SourceDate "2021.11.30"]
[SourceVersion "1"]
[SourceVersionDate "2021.11.30"]
[SourceQuality "1"]
[WhiteTeam "Negotino (W)"]
[BlackTeam "Prilep (W)"]
[WhiteTeamCountry "MKD"]
[BlackTeamCountry "MKD"]

1. d4 d5 2. Nf3 Nf6 3. e3 Bf5 4. Bd3 Bxd3 5. Qxd3 c6 6. 0-0 Nbd7 7. c4 e6 8. Nbd2 Be7 9. b3 0-0 10. Bb2 a5 11. a3 Qb6 12. Rac1 Rfd8 13. Rfd1 Bf8 14. Qc2 Rac8 15. c5 Qc7 16. h3 g6 17. b4 Ra8 18. Bc3 axb4 19. axb4 Ra7 20. Ra1 Rda8 21. Rxa7 Rxa7 22. Ra1 Qb8 23. Qb1 Rxa1 1/2-1/2

[Event "SRB-chT (Women)"]
[Site "Valjevo"]
[Date "2020.09.30"]
[Round "8.1"]
[White "Srdanovic, Jovana"]
[Black "Voiska, Margarita"]
[Result "1/2-1/2"]
[WhiteElo "2144"]
[BlackElo "2186"]
[PlyCount "20"]
[EventDate "2020.09.25"]
[EventType "team-tourn"]
[EventRounds "11"]
[EventCountry "SRB"]
[SourceTitle "CBM 198 Extra"]
[Source "ChessBase"]
[SourceDate "2020.11.30"]
[SourceVersion "1"]
[SourceVersionDate "2020.11.30"]
[SourceQuality "1"]
[WhiteTeam "Kac Jugovic (W)"]
[BlackTeam "N Varos Zlatar (W)"]
[WhiteTeamCountry "SRB"]
[BlackTeamCountry "SRB"]

1. d4 Nf6 2. c4 d6 3. Nc3 Nbd7 4. Nf3 e5 5. e4 g6 6. Be2 Bg7 7. Be3 0-0 8. 0-0 c6 9. d5 c5 10. Nd2 Ne8 1/2-1/2

[Event "SRB-chT (Women)"]
[Site "Subotica"]
[Date "2019.08.29"]
[Round "8.3"]
[White "Zimina, Olga"]
[Black "Voiska, Margarita"]
[Result "1/2-1/2"]
[WhiteElo "2376"]
[BlackElo "2214"]
[PlyCount "45"]
[EventDate "2019.08.22"]
[EventType "team-tourn"]
[EventRounds "11"]
[EventCountry "SRB"]
[SourceTitle "EXT 2020"]
[Source "ChessBase"]
[SourceDate "2019.10.17"]
[SourceVersion "1"]
[SourceVersionDate "2019.10.17"]
[SourceQuality "1"]
[WhiteTeam "Nis Osnovac (W)"]
[BlackTeam "Nova Varos Zlatar (W)"]
[WhiteTeamCountry "SRB"]
[BlackTeamCountry "SRB"]

1. d4 c5 2. d5 Nf6 3. c4 b5 4. Qc2 d6 5. e4 g6 6. cxb5 Bg7 7. Nc3 a6 8. Nf3 0-0 9. Be2 axb5 10. Nxb5 Na6 11. a3 Nc7 12. 0-0 Nxb5 13. Bxb5 Qb6 14. Bc4 Ba6 15. Bxa6 Qxa6 16. Rb1 Qa4 17. Qxa4 Rxa4 18. e5 Nxd5 19. Rd1 e6 20. exd6 Rd8 21. Be3 c4 22. Bd4 Rxd6 23. Bxg7 1/2-1/2

[Event "SRB-chT (Women)"]
[Site "Subotica"]
[Date "2019.08.27"]
[Round "6.2"]
[White "Batsiashvili, Nino"]
[Black "Voiska, Margarita"]
[Result "1-0"]
[WhiteElo "2416"]
[BlackElo "2214"]
[PlyCount "71"]
[EventDate "2019.08.22"]
[EventType "team-tourn"]
[EventRounds "11"]
[EventCountry "SRB"]
[SourceTitle "EXT 2020"]
[Source "ChessBase"]
[SourceDate "2019.10.17"]
[SourceVersion "1"]
[SourceVersionDate "2019.10.17"]
[SourceQuality "1"]
[WhiteTeam "Belgrade Rad (W)"]
[BlackTeam "Nova Varos Zlatar (W)"]
[WhiteTeamCountry "SRB"]
[BlackTeamCountry "SRB"]

1. d4 Nf6 2. c4 d6 3. Nc3 Bf5 4. f3 e5 5. e4 exd4 6. exf5 dxc3 7. bxc3 Nbd7 8. Nh3 Be7 9. Be2 Nc5 10. Nf4 c6 11. Be3 0-0 12. 0-0 Nfd7 13. Bd4 Re8 14. Rb1 b6 15. Nh5 Nf6 16. Ng3 Bf8 17. Qc2 Rc8 18. Rbd1 Ncd7 19. f4 c5 20. Bf2 Nb8 21. Bf3 Nc6 22. Qd3 Qd7 23. Nh1 g6 24. Bh4 Qd8 25. Nf2 Be7 26. Rfe1 Nd7 27. Bxe7 Rxe7 28. Rxe7 Qxe7 29. Qd5 Ndb8 30. Qxd6 Re8 31. Qxe7 Nxe7 32. f6 Nec6 33. Bd5 Rd8 34. Ne4 h6 35. Rd3 Na6 36. Rg3 1-0